Normal view
MARC view
- بيرم، محمد بني مصطفى، 1840-1889، مساهمتة في الدين ، الاسلام والدولة، تونس- تاريخ- القرن 19
Entry Topical Term
001 - CONTROL NUMBER
- control field: 8546
003 - CONTROL NUMBER IDENTIFIER
- control field: JO-AjAnu
005 - DATE AND TIME OF LATEST TRANSACTION
- control field: 20230606071658.0
008 - FIXED-LENGTH DATA ELEMENTS
- fixed length control field: 230606|| aca||aabn | a|a d
040 ## - CATALOGING SOURCE
- Original cataloging agency: JO-AjAnu
- Transcribing agency: JO-AjAnu
150 ## - HEADING--TOPICAL TERM
- Topical term or geographic name entry element: بيرم، محمد بني مصطفى، 1840-1889، مساهمتة في الدين ، الاسلام والدولة، تونس- تاريخ- القرن 19
670 ## - SOURCE DATA FOUND
- Source citation: Work cat.: (JO-AjAnu)4411: الصولي، علي, author 8545, الدين و الدولة و المجتمع في مواقف وآثار محمد بيرم الخامس